000 00293nam a2200133 i 4500
001 bg
100 1 _aTOVBIN, M. V.
245 0 _aFiziceskaja chimija /
_cM.V. Tovbin.
260 _aKiev,
_c1975.
040 _cBPK
041 _apol
942 _cKS
008 s pl f |000 0 pol
999 _c16398
_d16398
856 _uhttp://koha.tu.koszalin.pl/cgi-bin/koha/opac-detail.pl?biblionumber=16398
_yKatalog online BPK